000 00450nam a22001577a 4500
005 20180201144246.0
008 160427b xxu||||| |||| 00| 0 eng d
020 _a81-203-0409-8
041 _aeng
082 _b00321
_a004.16
100 _aLiu, Yu-Cheng ans gibson, glenn a.
_94040
245 _aMicroComputer Systems: The 8086/8088 Family- Architechture, Programing Design
260 _aNew Delhi
_bPHI Pvt Ltd.
_c2004
300 _a623
942 _cBK
999 _c106
_d106